000 00288nam a22001337a 4500
008 170721b xxu||||| |||| 00| 0 eng d
020 _a9780619217600
041 _aeng
080 _a004
100 _a29
101 _aSHKI
245 _aGUIDE TO SOFTWARE
_cANDREWS, J
942 _2udc
_cBK
999 _c21774
_d21774